000 00241nam a2200109Ia 4500
008 190216s9999||||xx |||||||||||||| ||und||
100 _aChangampuzha Krishan Pillai
245 0 _aYavanika
260 _bNull
650 _aKavitha
942 _cBK
999 _c25114
_d25114